ZAWÓD, W KTÓRYM PRACUJE SIĘ ZE ZWIERZĘTAMI: - Statystyki

Ogólne statystyki
  • Ten quiz został rozwiązany 142 razy
  • Średni wynik to 2 z 5
Statystyki odpowiedzi
Odpowiedzi % Poprawnych
WETERYNARZ
97%
ZOOLOG
44%
ROLNIK
32%
ZOOTECHNIK
7%
TRESER ZWIERZĄT
3%
Nie znaleziono quizów pasujących do podanych kryteriów
Rozkład punktacji
Procent ludzi z każdym wynikiem
Percentyl według liczby udzielonych odpowiedzi
Twoja historia wyników
Nie rozwiązałeś tego quizu